Statistics for Napoli Scorers in Serie A 2019-20

Click here to take the quiz!

General Stats

  • This quiz has been taken 47 times
  • The average score is 10 of 17

Answer Stats

PlayerGoals% Correct
Lorenzo Insigne8
100%
Dries Mertens9
98%
Arkadiusz Milik11
79%
Piotr Zieliński2
77%
Giovanni Di Lorenzo3
72%
José Callejón4
72%
Fabián Ruiz3
70%
Kostas Manolas4
67%
Hirving Lozano4
65%
Allan2
49%
Diego Demme1
47%
Elseid Hysaj1
47%
Matteo Politano2
42%
Elif Elmas1
35%
Nikola Maksimović1
35%
Amin Younes1
28%
Fernando Llorente3
26%

Score Distribution

Percentile by Number Answered

Percent of People with Each Score

Your Score History

You have not taken this quiz